{"text_format":"2","workbook":"xlsx","n_sheets":2,"sheets":["intrastat","Sheet"],"not_rendered":{"charts":0,"images":0,"macros":0,"external_links":0,"defined_names":1,"comments":0,"pivot_tables":0},"unopened":[],"bounds":{"document_bytes":16777216,"sheet_cells":100000,"run_cost":"one","rows_first":2000,"rows_last":500,"rows_between":2000,"halvings":0,"cell_chars":16384,"cell_head_chars":4096},"cells_cut":0,"cells_raw":0,"read":"whole","date_system":"1900"}

{"sheet":"intrastat","index":0,"n_rows":89,"n_cols":23,"rows_kept":89,"cut":false,"hidden":false,"merged":[]}
["DATA","FURNIZOR","CF","CountryOfOrigin","EXP","DeliveryTermsCode","ACode","Bcode","TransportCode","INVNR","VSCODE","NAME","GROUP","UM","Q","PRICE","NETWEIGHT","NETVALUE","SUPPL","SUPPLVALUE","Curs","CURRVALUE","SYMB"]
["2020-02-03","ATLAS DIGITAL SA","EL094154295","JP","GR","EXW",1,1.1,3,null,"32151100","ROLAND ESL3-440 BK",null,"Buc",12,340.9,7.44,4090.84,2]
["2020-02-03","ATLAS DIGITAL SA","EL094154295","JP","GR","EXW",1,1.1,3,null,"32151100","ROLAND EUV4 BK",null,"Buc",15,286.67,7.05,4300.11,2,80]
["2020-02-19","ATLAS DIGITAL SA","EL094154295","JP","GR","EXW",1,1.1,3,null,"32151900","ROLAND ESL3-440 CY",null,"Buc",2,341.29,1,682.58,2]
["2020-02-19","ATLAS DIGITAL SA","EL094154295","JP","GR","EXW",1,1.1,3,null,"32151900","ROLAND ESL3-440 LM",null,"Buc",4,341.29,2.48,1365.17,2]
["2020-02-03","ATLAS DIGITAL SA","EL094154295","JP","GR","EXW",1,1.1,3,null,"32151900","ROLAND ESL3-440 MG",null,"Buc",12,340.9,7.44,4090.84,2]
["2020-02-03","ATLAS DIGITAL SA","EL094154295","JP","GR","EXW",1,1.1,3,null,"32151900","ROLAND ESL3-440 YE",null,"Buc",12,340.9,7.44,4090.84,2]
["2020-02-03","ATLAS DIGITAL SA","EL094154295","JP","GR","EXW",1,1.1,3,null,"32151900","ROLAND EUV4 CY",null,"Buc",15,286.67,7.05,4300.11,2]
["2020-02-03","ATLAS DIGITAL SA","EL094154295","JP","GR","EXW",1,1.1,3,null,"32151900","ROLAND EUV4 GL",null,"Buc",10,286.67,4.7,2866.74,2]
["2020-02-03","ATLAS DIGITAL SA","EL094154295","JP","GR","EXW",1,1.1,3,null,"32151900","ROLAND EUV4 MG",null,"Buc",25,286.67,11.75,7166.85,2]
["2020-02-03","ATLAS DIGITAL SA","EL094154295","JP","GR","EXW",1,1.1,3,null,"32151900","ROLAND EUV4 WH",null,"Buc",25,286.67,11.75,7166.85,2]
["2020-02-03","ATLAS DIGITAL SA","EL094154295","JP","GR","EXW",1,1.1,3,null,"32151900","ROLAND EUV4 YE",null,"Buc",25,286.67,11.75,7166.85,2]
["2020-02-19","ATLAS DIGITAL SA","EL094154295","JP","GR","EXW",1,1.1,3,null,"32151900","ROLAND MAX2 ESL4-220 WH",null,"Buc",1,355.63,0.55,355.63,2,600]
["2020-02-03","ATLAS DIGITAL SA","EL094154295","JP","GR","EXW",1,1.1,3,null,"84411070","ROLAND GS-24 VINYL CUTTER",null,"Buc",1,4983.35,14,4983.35,2,450]
["2020-02-03","ATLAS DIGITAL SA","EL094154295","JP","GR","EXW",1,1.1,3,null,"84433900","ROLAND BN-20",null,"Buc",1,24319.51,36,24319.51,1]
["2020-02-20","ATLAS DIGITAL SA","EL094154295","JP","GR","EXW",1,1.1,3,null,"84433900","ROLAND GR-540",null,"Buc",1,16888.63,94,16888.63,1]
["2020-02-11","ATLAS DIGITAL SA","EL094154295","JP","GR","EXW",1,1.1,3,null,"84433900","ROLAND RF-640",null,"Buc",2,34320.96,270,68641.92,1]
["2020-02-11","ATLAS DIGITAL SA","EL094154295","JP","GR","EXW",1,1.1,3,null,"84433900","ROLAND RF-640",null,"Buc",1,34320.96,135,34320.96,1]
["2020-02-19","ATLAS DIGITAL SA","EL094154295","JP","GR","EXW",1,1.1,3,null,"84439990","ROLAND ADAPTER,JOINT 3L CG2023",null,"Buc",12,6.21,0,74.57,1]
["2020-02-19","ATLAS DIGITAL SA","EL094154295","JP","GR","EXW",1,1.1,3,null,"84439990","ROLAND ASSY,CAP-TOP 2 XC-540",null,"Buc",15,124.28,0,1864.2,1]
["2020-02-19","ATLAS DIGITAL SA","EL094154295","JP","GR","EXW",1,1.1,3,null,"84439990","ROLAND ASSY,CAP-TOP VS-640_01",null,"Buc",8,205.06,0,1640.5,1]
["2020-02-19","ATLAS DIGITAL SA","EL094154295","JP","GR","EXW",1,1.1,3,null,"84439990","ROLAND ASSY,CARTRIDGE IC BOARD VP-540",null,"Buc",2,74.57,0,149.14,1]
["2020-02-19","ATLAS DIGITAL SA","EL094154295","JP","GR","EXW",1,1.1,3,null,"84439990","ROLAND ASSY,CLAMP S CAP DWX-50",null,"Buc",1,941.42,0,941.42,1]
["2020-02-19","ATLAS DIGITAL SA","EL094154295","JP","GR","EXW",1,1.1,3,null,"84439990","ROLAND ASSY,FEED MOTOR SP-540V",null,"Buc",1,997.35,0,997.35,1]
["2020-02-11","ATLAS DIGITAL SA","EL094154295","JP","GR","EXW",1,1.1,3,null,"84439990","ROLAND ASSY,HEAD INKJET SOL XC-540 SV2",null,"Buc",10,2025.89,0,20258.9,1]
["2020-02-19","ATLAS DIGITAL SA","EL094154295","JP","GR","EXW",1,1.1,3,null,"84439990","ROLAND ASSY,HEAD INKJET VS-640",null,"Buc",2,6548.6,0,13097.2,1]
["2020-02-27","ATLAS DIGITAL SA","EL094154295","JP","GR","EXW",1,1.1,3,null,"84439990","ROLAND ASSY,MAIN BOARD GX-500_10",null,"Buc",-1,2437.35,0,-2437.35,1]
["2020-02-19","ATLAS DIGITAL SA","EL094154295","JP","GR","EXW",1,1.1,3,null,"84439990","ROLAND ASSY,SCAN MOTOR SP-540V",null,"Buc",1,885.5,0,885.5,1]
["2020-02-19","ATLAS DIGITAL SA","EL094154295","JP","GR","EXW",1,1.1,3,null,"84439990","ROLAND CABLE-CARD 15P1 1900L BB SP-300",null,"Buc",4,77.68,0,310.7,1]
["2020-02-19","ATLAS DIGITAL SA","EL094154295","JP","GR","EXW",1,1.1,3,null,"84439990","ROLAND CABLE-CARD 15P1 2570L BB",null,"Buc",6,77.68,0,466.05,1]
["2020-02-19","ATLAS DIGITAL SA","EL094154295","JP","GR","EXW",1,1.1,3,null,"84439990","ROLAND CABLE-CARD 21P1 390L BB HIGH-V",null,"Buc",4,27.96,0,111.85,1]
["2020-02-19","ATLAS DIGITAL SA","EL094154295","JP","GR","EXW",1,1.1,3,null,"84439990","ROLAND CABLE-CARD 36P1 2670L BB HIGH-V",null,"Buc",1,158.46,0,158.46,1]
["2020-02-19","ATLAS DIGITAL SA","EL094154295","JP","GR","EXW",1,1.1,3,null,"84439990","ROLAND FILTER(M),MIST CARRIAGE LEF-20",null,"Buc",10,12.43,0,124.28,1]
["2020-02-19","ATLAS DIGITAL SA","EL094154295","JP","GR","EXW",1,1.1,3,null,"84439990","ROLAND FILTER,LED LAMP LEF-20 (5 BUC)",null,"Buc",8,201.96,0,1615.64,1]
["2020-02-19","ATLAS DIGITAL SA","EL094154295","JP","GR","EXW",1,1.1,3,null,"84439990","ROLAND GUIDE,CUT CARRIAGE CABLE SP-300",null,"Buc",4,21.75,0,87,1]
["2020-02-19","ATLAS DIGITAL SA","EL094154295","JP","GR","EXW",1,1.1,3,null,"84439990","ROLAND PAD,CUTTER GX-640",null,"Buc",4,99.42,0,397.7,1]
["2020-02-19","ATLAS DIGITAL SA","EL094154295","JP","GR","EXW",1,1.1,3,null,"84439990","ROLAND PAD,CUTTER XR-640",null,"Buc",4,74.57,0,298.27,1]
["2020-02-19","ATLAS DIGITAL SA","EL094154295","JP","GR","EXW",1,1.1,3,null,"84439990","ROLAND SENSOR INTERRUPTER,GP2A25NJ",null,"Buc",1,80.78,0,80.78,1]
["2020-02-19","ATLAS DIGITAL SA","EL094154295","JP","GR","EXW",1,1.1,3,null,"84439990","ROLAND SENSOR-INTERRUPTER,OJ-5305-A5",null,"Buc",5,34.18,0,170.89,1]
["2020-02-19","ATLAS DIGITAL SA","EL094154295","JP","GR","EXW",1,1.1,3,null,"84439990","ROLAND SPRING,PINCH RIGHT SP-300",null,"Buc",1,9.32,0,9.32,1]
["2020-02-19","ATLAS DIGITAL SA","EL094154295","JP","GR","EXW",1,1.1,3,null,"84439990","ROLAND WIPER,HEAD FELT VS-640",null,"Buc",20,40.39,0,807.82,1]
["2020-02-19","ATLAS DIGITAL SA","EL094154295","JP","GR","EXW",1,1.1,3,null,"84439990","ROLAND WIPER,HEAD FOR UV INK",null,"Buc",30,43.5,0,1304.94,1]
["2020-02-19","ATLAS DIGITAL SA","EL094154295","JP","GR","EXW",1,1.1,3,null,"84439990","ROLAND WIPER,HEAD VS-640/XR-640",null,"Buc",10,71.46,0,714.61,1]
["2020-02-19","ATLAS DIGITAL SA","EL094154295","JP","GR","EXW",1,1.1,3,null,"84439990","ROLAND XD-CH2",null,"Buc",6,301.14,0,1806.84,1]
["2020-02-19","ATLAS DIGITAL SA","EL094154295","JP","GR","EXW",1,1.1,3,null,"84439990","ROLAND XD-CH3",null,"Buc",6,215.1,0,1290.6,1]
["2020-02-19","ATLAS DIGITAL SA","EL094154295","JP","GR","EXW",1,1.1,3,null,"84439990","ROLAND ZEC-U5022",null,"Buc",20,71.7,0,1434,1]
["2020-02-19","ATLAS DIGITAL SA","EL094154295","JP","GR","EXW",1,1.1,3,null,"84439990","ROLAND ZS-4D SPINDLE UNIT",null,"Buc",1,5028.56,0,5028.56,1,320]
["2020-02-04","BROTHER INT INDUSTRIEMASCHINEN GMBH","DE814895445","JP","DE","EXW",1,1.1,3,null,"29094100","BROTHER GT-3 PRE-TREATMENT (16 L)",null,"Buc",3,2140.8,0,6422.4,2,320]
["2020-02-04","BROTHER INT INDUSTRIEMASCHINEN GMBH","DE814895445","JP","DE","EXW",1,1.1,3,null,"32151100","BROTHER GTX INK GCX-4M70 MAGENTA 700cc",null,"Buc",2,668.64,2.7,1337.28,1]
["2020-02-26","BROTHER INT INDUSTRIEMASCHINEN GMBH","DE814895445","JP","DE","EXW",1,1.1,3,null,"32151100","BROTHER GTX INK GCX-4Y70 YELLOW 700cc",null,"Buc",2,669.74,2.7,1339.48,1,300]
["2020-02-04","BROTHER INT INDUSTRIEMASCHINEN GMBH","DE814895445","JP","DE","EXW",1,1.1,3,null,"32151900","BROTHER GTX INK GCX-4C70 CYAN 700cc",null,"Buc",4,668.64,4.2,2674.56,1]
["2020-02-04","BROTHER INT INDUSTRIEMASCHINEN GMBH","DE814895445","JP","DE","EXW",1,1.1,3,null,"32151900","BROTHER GTX INK GCX-4W70 WHITE (2 x 700cc)",null,"Buc",6,1176,17.4,7056,1]
["2020-02-26","BROTHER INT INDUSTRIEMASCHINEN GMBH","DE814895445","JP","DE","EXW",1,1.1,3,null,"32151900","BROTHER GTX INK GCX-4W70 WHITE (2 x 700cc)",null,"Buc",30,1119.9,87,33597.12,1,420]
["2020-02-04","BROTHER INT INDUSTRIEMASCHINEN GMBH","DE814895445","JP","DE","EXW",1,1.1,3,null,"34022090","BROTHER FULL MAINTENANCE KIT (GT3)",null,"Set",6,187.97,6,1127.81,1]
["2020-02-26","BROTHER INT INDUSTRIEMASCHINEN GMBH","DE814895445","JP","DE","EXW",1,1.1,3,null,"34022090","BROTHER FULL MAINTENANCE KIT (GTX)",null,"Buc",4,164.91,0,659.64,1]
["2020-02-04","BROTHER INT INDUSTRIEMASCHINEN GMBH","DE814895445","JP","DE","EXW",1,1.1,3,null,"34022090","BROTHER GTX CLEANING SOL GCX-4E02",null,"Buc",6,264.96,24.6,1589.76,1]
["2020-02-04","BROTHER INT INDUSTRIEMASCHINEN GMBH","DE814895445","JP","DE","EXW",1,1.1,3,null,"34022090","BROTHER MAINTENANCE SOL 5L",null,"Buc",4,391.68,15.52,1566.72,1,420]
["2020-02-18","BROTHER INT INDUSTRIEMASCHINEN GMBH","DE814895445","JP","DE","EXW",1,1.1,3,null,"84433900","BROTHER GT-361 PRINTER",null,"Buc",3,29603.76,277.5,88811.28,1]
["2020-02-04","BROTHER INT INDUSTRIEMASCHINEN GMBH","DE814895445","JP","DE","EXW",1,1.1,3,null,"84439990","BROTHER CAP RUBBER",null,"Buc",20,19.63,0,392.64,1]
["2020-02-26","BROTHER INT INDUSTRIEMASCHINEN GMBH","DE814895445","JP","DE","EXW",1,1.1,3,null,"84439990","BROTHER CLEAN STICK R50",null,"Buc",4,218.76,0,875.04,1]
["2020-02-04","BROTHER INT INDUSTRIEMASCHINEN GMBH","DE814895445","JP","DE","EXW",1,1.1,3,null,"84439990","BROTHER FILTER FELT KIT",null,"Set",10,84.29,0,842.88,1]
["2020-02-26","BROTHER INT INDUSTRIEMASCHINEN GMBH","DE814895445","JP","DE","EXW",1,1.1,3,null,"84439990","BROTHER FLASHING FOAM SET",null,"Buc",10,63.95,0,639.45,1]
["2020-02-04","BROTHER INT INDUSTRIEMASCHINEN GMBH","DE814895445","JP","DE","EXW",1,1.1,3,null,"84439990","BROTHER PRINT HEAD IH2DS GT-3",null,"Buc",2,3192,0,6384,1]
["2020-02-26","BROTHER INT INDUSTRIEMASCHINEN GMBH","DE814895445","JP","DE","EXW",1,1.1,3,null,"84439990","BROTHER PRINT HEAD IH2DS GT-3",null,"Buc",2,3197.25,0,6394.51,1]
["2020-02-26","BROTHER INT INDUSTRIEMASCHINEN GMBH","DE814895445","JP","DE","EXW",1,1.1,3,null,"84439990","BROTHER SCH-807067 TEFLON SLIDER",null,"Buc",4,59.62,0,238.47,1]
["2020-02-26","BROTHER INT INDUSTRIEMASCHINEN GMBH","DE814895445","JP","DE","EXW",1,1.1,3,null,"84439990","BROTHER WIPER CLEANER (2 Pcs)",null,"Buc",4,55.53,0,222.12,1]
["2020-02-04","BROTHER INT INDUSTRIEMASCHINEN GMBH","DE814895445","JP","DE","EXW",1,1.1,3,null,"84439990","BROTHER WIPER CLEANER ASSY",null,"Buc",8,60.34,0,482.69,1,320]
["2020-02-27","JETBEST CORPORATION","ATU40607009","TW","AT","EXW",1,1.1,3,null,"32151100","ECO-V2 INK 1L BK",null,"Buc",24,83.95,16.32,2014.88,2]
["2020-02-27","JETBEST CORPORATION","ATU40607009","TW","AT","EXW",1,1.1,3,null,"32151100","ECO-V2 INK 1L LK",null,"Buc",4,83.95,2.72,335.81,2]
["2020-02-27","JETBEST CORPORATION","ATU40607009","TW","AT","EXW",1,1.1,3,null,"32151100","ECO-VISION INK 440 BK",null,"Buc",24,75.12,15.6,1802.79,2]
["2020-02-27","JETBEST CORPORATION","ATU40607009","TW","AT","EXW",1,1.1,3,null,"32151100","EX-VISION 1L CART BK",null,"Buc",4,119.3,2.4,477.21,2,700]
["2020-02-27","JETBEST CORPORATION","ATU40607009","TW","AT","EXW",1,1.1,3,null,"32151900","ECO-V2 INK 1L CY",null,"Buc",12,83.95,8.16,1007.44,2]
["2020-02-27","JETBEST CORPORATION","ATU40607009","TW","AT","EXW",1,1.1,3,null,"32151900","ECO-V2 INK 1L LC",null,"Buc",4,83.95,2.72,335.81,2]
["2020-02-27","JETBEST CORPORATION","ATU40607009","TW","AT","EXW",1,1.1,3,null,"32151900","ECO-V2 INK 1L LM",null,"Buc",4,83.95,2.72,335.81,2]
["2020-02-27","JETBEST CORPORATION","ATU40607009","TW","AT","EXW",1,1.1,3,null,"32151900","ECO-V2 INK 1L MG",null,"Buc",36,83.95,24.48,3022.32,2]
["2020-02-27","JETBEST CORPORATION","ATU40607009","TW","AT","EXW",1,1.1,3,null,"32151900","ECO-V2 INK 1L YE",null,"Buc",36,83.95,24.48,3022.32,2]
["2020-02-27","JETBEST CORPORATION","ATU40607009","TW","AT","EXW",1,1.1,3,null,"32151900","ECO-VISION INK 440 CY",null,"Buc",36,75.12,22.32,2704.18,2]
["2020-02-27","JETBEST CORPORATION","ATU40607009","TW","AT","EXW",1,1.1,3,null,"32151900","ECO-VISION INK 440 LC",null,"Buc",24,75.12,15.6,1802.79,2]
["2020-02-27","JETBEST CORPORATION","ATU40607009","TW","AT","EXW",1,1.1,3,null,"32151900","ECO-VISION INK 440 LM",null,"Buc",36,75.12,23.4,2704.18,2]
["2020-02-27","JETBEST CORPORATION","ATU40607009","TW","AT","EXW",1,1.1,3,null,"32151900","ECO-VISION INK 440 MG",null,"Buc",72,75.12,46.8,5408.37,2]
["2020-02-27","JETBEST CORPORATION","ATU40607009","TW","AT","EXW",1,1.1,3,null,"32151900","ECO-VISION INK 440 YE",null,"Buc",72,75.12,46.8,5408.37,2]
["2020-02-27","JETBEST CORPORATION","ATU40607009","TW","AT","EXW",1,1.1,3,null,"32151900","EX-VISION 1L CART CY",null,"Buc",4,119.3,2.4,477.21,2]
["2020-02-27","JETBEST CORPORATION","ATU40607009","TW","AT","EXW",1,1.1,3,null,"32151900","EX-VISION 1L CART LC",null,"Buc",5,119.3,3,596.51,2]
["2020-02-27","JETBEST CORPORATION","ATU40607009","TW","AT","EXW",1,1.1,3,null,"32151900","EX-VISION 1L CART LM",null,"Buc",5,119.3,3,596.51,2]
["2020-02-27","JETBEST CORPORATION","ATU40607009","TW","AT","EXW",1,1.1,3,null,"32151900","EX-VISION 1L CART MG",null,"Buc",4,119.3,2.4,477.21,2]
["2020-02-27","JETBEST CORPORATION","ATU40607009","TW","AT","EXW",1,1.1,3,null,"32151900","EX-VISION 1L CART YE",null,"Buc",4,119.3,2.4,477.21,2,1300]
["2020-02-27","JETBEST CORPORATION","ATU40607009","TW","AT","EXW",1,1.1,3,null,"84439990","ROLAND ASSY,INK DAMPER L 3FAI 4 SJ-1000",null,"Buc",24,30.93,0,742.32,2,80]
["2020-02-25","SHANDONG KALLAI INTERNATIONAL TRADE","ATU40607009","CN","AT","EXW",1,1.1,3,null,"84596110","FINE CNC F1-1325 ROUTER",null,"Buc",1,31964.4,1980,31964.4,2,2100]
["2020-02-19","WENZHOU INTERNATIONAL ECO-TEC CO","ATU40607009","CN","AT","EXW",1,1.1,3,null,"84439990","ROLAND TAKE UP SYSTEM T1",null,"Buc",6,2030.03,154.8,12180.16,2,1300]

{"sheet":"Sheet","index":1,"n_rows":0,"n_cols":0,"rows_kept":0,"cut":false,"hidden":false,"merged":[]}